000 00806nam a2200241 i 4500
001 177451
003 ES-MaACL
005 20250623142537.0
007 t|
008 110324q1943 sp af ||||1| spa d
080 _a75 Durero
100 1 _aPérez-Dolz, Francisco.
_990836
245 1 4 _aLos estudios de plantas y animales de Alberto Durero /
_ctexto explicativo por F. Pérez-Dolz y M. Gutiérrez-Marín.
260 _aBarcelona :
_bOrbis,
_c1943.
300 _a24 p. , 10 h. de lám. col. ;
_c26 cm.
490 1 _aMonografías de arte ;
_v7
500 _aÍndice.
600 1 4 _aDürer, Albrecht,
_d1471-1528
_9240966
700 0 _aGutiérrez Marín, Manuel.
_961180
830 0 _aMonografías de arte ;
_v7
_9179845
852 _aES-MaACL
_jE-14707
_xOlim P-334-bis
999 _c177451
_d177451